书目信息 |
| 题名: |
电视收视率解析
|
|
| 作者: | 刘燕南 著 | |
| 分册: | ||
| 出版信息: | 北京 中国传媒大学出版社 2006.02 |
|
| 页数: | 247页 | |
| 开本: | 24cm | |
| 丛书名: | 媒体市场调查与研究丛书 | |
| 单 册: | ||
| 中图分类: | G223 | |
| 科图分类: | ||
| 主题词: | 电视--dian shi--观众--抽样调查--中国 , 电视节目--dian shi jie mu--评论--中国 | |
| 电子资源: | ||
| ISBN: | 7-81085-572-7 | |
| 000 | 01267nam 2200313 450 | |
| 001 | 012006244515 | |
| 005 | 20061130093149.35 | |
| 010 | @a7-81085-572-7@dCNY32.00 | |
| 100 | @a20061029d2006 km y0chiy0120 ea | |
| 101 | 0 | @achi |
| 102 | @aCN@b110000 | |
| 105 | @aa a 000yy | |
| 200 | 1 | @a电视收视率解析@Adian shi shou shi lu jie xi@e调查、分析与应用@f刘燕南著@Fliu yan nan zhu |
| 205 | @a第2版 | |
| 210 | @a北京@c中国传媒大学出版社@d2006.02 | |
| 215 | @a247页@c图@d24cm | |
| 225 | 2 | @a媒体市场调查与研究丛书@Amei ti shi chang diao cha yu yan jiu cong shu |
| 312 | @a并列题名取自封面 | |
| 320 | @a有书目。 | |
| 330 | @a本书分为引论、调查方法、分析、应用、满意度、附录六部分对电视收视率进行了研究。全书介绍了收视率在中国、视听率测量方法的演进与现状、收视率测量方法的比较、收视率及相关指标解说、收视分析与节目编排、满意度调研与应用等内容。 | |
| 410 | 0 | @12001 @a媒体市场调查与研究丛书 |
| 510 | 1 | @aUnderstanding TV ratings@eMeasurement analysis and application@zeng |
| 517 | 1 | @a调查、分析与应用@Adiao cha、fen xi yu ying yong |
| 606 | 0 | @a电视@Adian shi@x观众@x抽样调查@y中国 |
| 606 | 0 | @a电视节目@Adian shi jie mu@x评论@y中国 |
| 690 | @aG223@v4 | |
| 701 | 0 | @a刘燕南@Aliu yan nan@4著 |
| 801 | 0 | @aCN@c20061130 |
| 905 | @a10447@dG223@eL704 | |
| 电视收视率解析:调查、分析与应用/刘燕南著.-第2版.-北京:中国传媒大学出版社,2006.02 |
| 247页:图;24cm.-(媒体市场调查与研究丛书) |
| ISBN 7-81085-572-7:CNY32.00 |
| 本书分为引论、调查方法、分析、应用、满意度、附录六部分对电视收视率进行了研究。全书介绍了收视率在中国、视听率测量方法的演进与现状、收视率测量方法的比较、收视率及相关指标解说、收视分析与节目编排、满意度调研与应用等内容。 |
| ● |
| 相关链接 |
|
|
|
正题名:电视收视率解析
索取号:G223/L704
 
预约/预借
| 序号 | 登录号 | 条形码 | 馆藏地/架位号 | 状态 | 备注 |
| 1 | 224863 | 202248638 | 社科库409/409社科库 58排3列2层/ [索取号:G223/L704] | 在馆 | |
| 2 | 224864 | 202248647 | 社科库409/409社科库 58排3列2层/ [索取号:G223/L704] | 在馆 | |
| 3 | 224865 | 202248656 | 社科库409/409社科库 58排3列2层/ [索取号:G223/L704] | 在馆 |